000
00330nam a22001457a 4500
020
_a
91-22-8375302
041
_a
ENG
100
_a
Sucheta.b
245
_a
Aluminium in Packaging
250
_a
3rd Edition
260
_a
Mumbai
_b
Indian Institute of Packasing
_c
1998
300
_a
782
650
_a
APE ( 02 )
856
_u
APE ( 02 )
999
_c
2876
_d
2876